| 000 | 01395cam a2200349 i 4500 | ||
|---|---|---|---|
| 001 | 768714001 | ||
| 003 | CO-MdFUSB | ||
| 005 | 20250829083254.0 | ||
| 007 | ta | ||
| 008 | 180226t2007 xxu||||g |||| 00| 0 eng d | ||
| 020 | _a978-0-687-49504-7 | ||
| 040 |
_aCO-MdFUSB _bspa _cCO-MdFUSB _dCO-MdFUSB _erda |
||
| 041 | _aeng | ||
| 082 |
_a248.892 _223 _bD372s |
||
| 100 | 1 |
_aDemaray, Donald _eautor |
|
| 242 | 0 | 0 |
_aFormación espiritual para líderes cristianos _lInglés |
| 245 | 0 | 0 |
_aSpiritual formation for Christian leaders _c/ Donald Demaray , Reginald Johnson |
| 260 | _a | ||
| 264 | 1 |
_aNashville, Tennessee : _bAbingdon Press, _c℗2007 |
|
| 264 | 4 | _c©2007 | |
| 300 |
_axi, 122 páginas _c22 cm |
||
| 336 |
_2rdacontent _atexto _btxt |
||
| 337 |
_2rdamedia _asin mediación _bn |
||
| 338 |
_2rdacarrier _avolumen _bnc |
||
| 505 | _a¿Puedo realmente experimentar la transformación? -- En realidad, ¿la vida abundante? -- ¿Es posible la comunidad cristiana? -- ¿Nos sana Dios? -- ¿De dónde viene el poder en la predicación? -- ¿Alegría en este mundo? -- Pero yo no soy más que un cristiano en el proceso de fabricación -- ¿Puedo realmente ser cristiano disciplinado? -- ¿Nos guía Dios? | ||
| 563 | _aRústico | ||
| 650 | 7 |
_9227 _aTeología pastoral |
|
| 700 |
_aJohnson, Reginald, _911879 _eautor |
||
| 942 | _cBK | ||
| 945 | _aJTF-925 | ||
| 999 |
_c47101 _d47101 |
||